Statistics for If planets were countries

Click here to take the quiz!

General Stats

  • This quiz has been taken 247 times
  • The average score is 3 of 8

Answer Stats

PlanetCategoryCountry% Correct
JupiterBiggestRussia
97%
SaturnMost satellitesUnited States
77%
MarsMost guessed on JetPunk (except Earth/USA)Canada/Russia
61%
UranusColdest temperature (record for the country)Denmark
39%
MercuryClosest to the sunEcuador
36%
VenusHottest temperature (record for the country)Kuwait
17%
NeptuneMost powerful winds (record)Australia
9%
EarthHighest level of life (HDI for the answer)San Marino
9%

Score Distribution

Percentile by Number Answered

Percent of People with Each Score

Your Score History

You have not taken this quiz